00329nam a2200121Ia 4500008004100000041000800041082001200049100001700061245004500078260004900123300003000172365000500202240624s9999 xx 000 0 und d aeng a339 MOS aMOSS DAVID A aCONCISE GUIDE TO MACROECONOMICS WHAT MAN c2007aBostonbHarvard Businesss School Press aix, : 189 : p. : cm. ; 24 c